000
00276nam a22001337a 4500
020
_a
81-200-0026-9
041
_a
ENG
100
_a
Jagdish Lal
245
_a
Hydraulic Machines
260
_a
Delhi
_b
Metropolitan Book
_c
1997
300
_a
585
650
_a
IDE
856
_u
IDE
999
_c
332
_d
332